000
00292nam a22001337a 4500
008
170818b xxu||||| |||| 00| 0 eng d
020
_a
9781269431934
041
_a
eng
080
_a
51
100
_a
37
101
_a
MAT
245
_a
BEVILL MATH EMPORIUM
_c
PRIOR.R.H
942
_2
udc
_c
BK
999
_c
24114
_d
24114